Architecture detailing in contract interiors / (Record no. 171727)
[ view plain ]
| 000 -LEADER | |
|---|---|
| fixed length control field | 00751nam a2200217 4500 |
| 001 - CONTROL NUMBER | |
| control field | vtls001000960 |
| 003 - CONTROL NUMBER IDENTIFIER | |
| control field | MY-SjTCS |
| 005 - DATE AND TIME OF LATEST TRANSACTION | |
| control field | 20200226120836.0 |
| 008 - FIXED-LENGTH DATA ELEMENTS--GENERAL INFORMATION | |
| fixed length control field | 110218 1988 00 eng |
| 020 ## - INTERNATIONAL STANDARD BOOK NUMBER | |
| International Standard Book Number | 082300242X |
| 039 #9 - LEVEL OF BIBLIOGRAPHIC CONTROL AND CODING DETAIL [OBSOLETE] | |
| Level of rules in bibliographic description | 201905170942 |
| Level of effort used to assign nonsubject heading access points | dianafitri |
| Level of effort used to assign subject headings | 201102181511 |
| Level of effort used to assign classification | VLOAD |
| -- | 200407271842 |
| -- | VLOAD |
| 082 04 - DEWEY DECIMAL CLASSIFICATION NUMBER | |
| Classification number | 720.922 |
| Item number | STA |
| 100 1# - MAIN ENTRY--PERSONAL NAME | |
| Personal name | Staebler, Wendy W. |
| 9 (RLIN) | 5116 |
| 245 10 - TITLE STATEMENT | |
| Title | Architecture detailing in contract interiors / |
| Statement of responsibility, etc. | Wendy W. Staebler |
| 260 ## - PUBLICATION, DISTRIBUTION, ETC. | |
| Place of publication, distribution, etc. | New York : |
| Name of publisher, distributor, etc. | Watson-Guptill, |
| Date of publication, distribution, etc. | 1988 |
| 300 ## - PHYSICAL DESCRIPTION | |
| Extent | 256p. ; |
| Dimensions | 29cm. |
| 650 #0 - SUBJECT ADDED ENTRY--TOPICAL TERM | |
| Topical term or geographic name entry element | Architectural drawing |
| Geographic subdivision | United States |
| General subdivision | Detailing. |
| 9 (RLIN) | 5117 |
| 650 #0 - SUBJECT ADDED ENTRY--TOPICAL TERM | |
| Topical term or geographic name entry element | Architecture |
| Geographic subdivision | United States |
| General subdivision | Details. |
| 9 (RLIN) | 29549 |
| 650 #0 - SUBJECT ADDED ENTRY--TOPICAL TERM | |
| Topical term or geographic name entry element | Interior architecture |
| Geographic subdivision | United States. |
| 9 (RLIN) | 30739 |
| 920 ## - Programme | |
| Programme | BRI : 521616 |
| Withdrawn status | Lost status | Source of classification or shelving scheme | Damaged status | Not for loan | Home library | Current library | Date acquired | Total Checkouts | Barcode | Date last seen | Date last checked out | Copy number | Uniform Resource Identifier | Koha item type | Public note |
|---|---|---|---|---|---|---|---|---|---|---|---|---|---|---|---|
| Dewey Decimal Classification | Taylor's Library-TU | Taylor's Library-TU | 27/07/2004 | 5 | 5000036605 | 12/12/2019 | 14/09/2017 | 1 | Floor 4, Shelf 30 , Side 2, TierNo 4, BayNo 4 | Main Collection | SABDx,23003,02,CL |